00345nam a2200121 a 4500008004100000050001500041100002000056245007800076250001100154260003200165300001700197350000900214120416s1962 ||||||||||||||||| || u aTA 357 Gil aGiles, Ranald V10aSchaum's outline of theory and problems of fluid mechanics and hydraulics a2nd ed aNew YorkbMcGraw-Hillc1962 a274p. : ill. a0.00